[Event "Lille Luce op 7th"]
[Site "Lille"]
[Date "2016.04.13"]
[Round "7"]
[White "Declercq, Jean"]
[Black "Di Cosmo, Jonathan"]
[Result "0-1"]
[WhiteElo "1773"]
[BlackElo "2030"]
[PlyCount "102"]
[EventDate "2016.04.09"]
[EventType "swiss"]
[EventRounds "7"]
[EventCountry "FRA"]
[SourceTitle "CBM 171 Extra"]
[Source "ChessBase"]
[SourceDate "2016.04.26"]
[SourceVersion "1"]
[SourceVersionDate "2016.04.26"]
[SourceQuality "1"]

1. Nf3 c5 2. c4 Nc6 3. Nc3 g6 4. g3 Bg7 5. Bg2 e6 6. 0-0 Nge7 7. Ne4 d6 8. d3 f5 9. Nc3 0-0 10. e3 e5 11. a3 Qd7 12. Bd2 b6 13. Rb1 Bb7 14. Qa4 h6 15. b4 Qe6 16. Nd5 Qd7 17. Nh4 Rfd8 18. b5 Nb8 19. Nxe7+ Qxe7 20. Nxg6 Qf7 21. Bxb7 Qxb7 22. Nh4 Rf8 23. Qd1 Qf7 24. Qf3 Nd7 25. Rfc1 Rae8 26. e4 fxe4 27. Qxf7+ Rxf7 28. dxe4 Nf8 29. Nf5 Rf6 30. f3 Rd8 31. Kf2 Ne6 32. g4 Nd4 33. Nxd4 cxd4 34. g5 Rg6 35. h4 hxg5 36. Bxg5 Rc8 37. Rb3 Bh6 38. Bxh6 Rxh6 39. Kg3 Kf7 40. Rb2 Rg8+ 41. Kf2 Rxh4 42. Rbb1 Rh2+ 43. Kf1 Rg3 44. a4 Rxf3+ 45. Kg1 Re2 46. Ra1 Rxe4 47. Kg2 Rf6 48. Kg3 Ref4 49. Rab1 Ke6 50. a5 Rg6+ 51. Kh3 Rf7 0-1

[Event "Lille Luce op 7th"]
[Site "Lille"]
[Date "2016.04.13"]
[Round "6"]
[White "Di Cosmo, Jonathan"]
[Black "Deketelaere, Francky"]
[Result "1-0"]
[WhiteElo "2030"]
[BlackElo "1802"]
[PlyCount "109"]
[EventDate "2016.04.09"]
[EventType "swiss"]
[EventRounds "7"]
[EventCountry "FRA"]
[SourceTitle "CBM 171 Extra"]
[Source "ChessBase"]
[SourceDate "2016.04.26"]
[SourceVersion "1"]
[SourceVersionDate "2016.04.26"]
[SourceQuality "1"]

1. d4 d6 2. Nf3 Nf6 3. c4 Nbd7 4. Nc3 e5 5. Bg5 c6 6. e3 Be7 7. Qc2 Qc7 8. Bd3 h6 9. Bh4 0-0 10. 0-0 Re8 11. Rad1 Nf8 12. h3 Nh5 13. Bxe7 Qxe7 14. b4 Nf6 15. Nd2 Ne6 16. dxe5 dxe5 17. c5 Rd8 18. Nc4 Nc7 19. Rd2 Nce8 20. Rfd1 Be6 21. Nxe5 Bxh3 22. Nxc6 bxc6 23. gxh3 Nc7 24. Bf1 Rdb8 25. a3 a5 26. Rd4 axb4 27. axb4 Ne6 28. Rc4 Ng5 29. Qf5 Ra3 30. Bg2 Rb3 31. Qf4 Rc8 32. Qd6 Qe8 33. Ra1 Rxc3 34. Rxc3 Nfe4 35. Qd3 Nxc3 36. Qxc3 Ne4 37. Qd4 Ng5 38. Rd1 Qe6 39. Qd7 Qxd7 40. Rxd7 Ne6 41. Rb7 Nd8 42. Rb6 Kf8 43. Kf1 Ke7 44. Ke2 Kd7 45. b5 cxb5 46. Rxb5 Ne6 47. Rb7+ Rc7 48. Rxc7+ Kxc7 49. Bd5 Kd7 50. Bxe6+ Kxe6 51. e4 f5 52. Ke3 Ke5 53. exf5 Kxf5 54. Kd4 Ke6 55. Ke4 1-0

[Event "Lille Luce op 7th"]
[Site "Lille"]
[Date "2016.04.11"]
[Round "3"]
[White "Lubino, Adrien"]
[Black "Di Cosmo, Jonathan"]
[Result "1-0"]
[WhiteElo "1577"]
[BlackElo "2030"]
[PlyCount "81"]
[EventDate "2016.04.09"]
[EventType "swiss"]
[EventRounds "7"]
[EventCountry "FRA"]
[SourceTitle "CBM 171 Extra"]
[Source "ChessBase"]
[SourceDate "2016.04.26"]
[SourceVersion "1"]
[SourceVersionDate "2016.04.26"]
[SourceQuality "1"]

1. e4 c5 2. Nf3 e6 3. d4 cxd4 4. Nxd4 Nc6 5. Nc3 Qc7 6. Be2 a6 7. 0-0 Nf6 8. Be3 Bb4 9. Bf3 Nxd4 10. Qxd4 Bxc3 11. Qxc3 Qxc3 12. bxc3 d6 13. Rab1 e5 14. Rfd1 Ke7 15. Rb6 Rd8 16. Bc1 Rb8 17. Ba3 Ne8 18. Rdb1 Nc7 19. c4 Be6 20. Be2 Rd7 21. Rxb7 Rc8 22. Ra7 Ne8 23. Rxa6 Bxc4 24. Bxc4 Rxc4 25. f3 Rxc2 26. Rd1 Ke6 27. Bb4 Rb2 28. a3 g6 29. g4 f5 30. exf5+ gxf5 31. g5 Rb3 32. Kg2 Rb2+ 33. Kg1 e4 34. fxe4 fxe4 35. Re1 Kf5 36. h4 d5 37. Rd1 d4 38. Rf1+ Kg4 39. Re6 Nc7 40. Rxe4+ Kh5 41. Rf6 1-0

[Event "Lille Luce op 7th"]
[Site "Lille"]
[Date "2016.04.09"]
[Round "1"]
[White "Kveinys, Aloyzas"]
[Black "Di Cosmo, Jonathan"]
[Result "1-0"]
[WhiteElo "2542"]
[BlackElo "2030"]
[PlyCount "71"]
[EventDate "2016.04.09"]
[EventType "swiss"]
[EventRounds "7"]
[EventCountry "FRA"]
[SourceTitle "CBM 171 Extra"]
[Source "ChessBase"]
[SourceDate "2016.04.26"]
[SourceVersion "1"]
[SourceVersionDate "2016.04.26"]
[SourceQuality "1"]

1. d4 Nf6 2. c4 e6 3. Nc3 Bb4 4. e3 0-0 5. Bd3 d5 6. Nf3 c5 7. 0-0 dxc4 8. Bxc4 Nbd7 9. Qe2 cxd4 10. exd4 Bxc3 11. bxc3 Qc7 12. Bd2 b6 13. Rfe1 Bb7 14. Bd3 Nd5 15. Qe4 N7f6 16. Qh4 Ne7 17. Ne5 Ng6 18. Bxg6 hxg6 19. Re3 Qd8 20. Rh3 Nh5 21. Bg5 Qd5 22. f3 Rfc8 23. g4 f6 24. gxh5 fxg5 25. Qg4 Rxc3 26. hxg6 Rac8 27. Rd1 Rc1 28. Rh8+ Kxh8 29. Qh3+ Kg8 30. Qh7+ Kf8 31. Qh8+ Ke7 32. Qxg7+ Kd8 33. Qf8+ Kc7 34. Rxc1+ Kb8 35. Rxc8+ Bxc8 36. Qb4 1-0

[Event "Charleroi op"]
[Site "Charleroi"]
[Date "2014.07.29"]
[Round "5"]
[White "Maes, Wim"]
[Black "Di Cosmo, Jonathan"]
[Result "1-0"]
[WhiteElo "2267"]
[BlackElo "1996"]
[PlyCount "73"]
[EventDate "2014.07.26"]
[EventType "swiss"]
[EventRounds "9"]
[EventCountry "BEL"]
[SourceTitle "EXT 2015"]
[Source "ChessBase"]
[SourceDate "2014.11.20"]
[SourceVersion "1"]
[SourceVersionDate "2014.11.20"]
[SourceQuality "1"]

1. e4 c5 2. Nf3 e6 3. d3 Nc6 4. g3 Nf6 5. Bg2 d5 6. Nbd2 Be7 7. 0-0 0-0 8. Re1 Re8 9. c3 b6 10. a3 Bb7 11. h4 dxe4 12. dxe4 Qc7 13. e5 Nd7 14. Qe2 a6 15. b3 Rad8 16. c4 Bf8 17. Bb2 g6 18. Ne4 Bg7 19. Nd6 Re7 20. Nxb7 Qxb7 21. Rad1 Qc7 22. h5 Ree8 23. Kf1 Rb8 24. Qe4 Red8 25. Qf4 b5 26. hxg6 hxg6 27. Ng5 Ncxe5 28. Rxd7 Rxd7 29. Bxe5 Bxe5 30. Rxe5 bxc4 31. Be4 cxb3 32. Bxg6 fxg6 33. Qf6 Rd1+ 34. Ke2 Qd7 35. Qxg6+ Qg7 36. Qxe6+ Kh8 37. Nf7+ 1-0

[Event "BEL-chT 1314"]
[Site "Belgium"]
[Date "2013.12.15"]
[Round "6.6"]
[White "Sadikhov, Ulvi Ramil Oglu"]
[Black "Di Cosmo, Jonathan"]
[Result "1-0"]
[WhiteElo "2241"]
[BlackElo "2006"]
[PlyCount "99"]
[EventDate "2013.09.22"]
[EventType "team-tourn"]
[EventRounds "11"]
[EventCountry "BEL"]
[SourceTitle "EXT 2015"]
[Source "ChessBase"]
[SourceDate "2014.11.20"]
[SourceVersion "1"]
[SourceVersionDate "2014.11.20"]
[SourceQuality "1"]
[WhiteTeam "KGSRL"]
[BlackTeam "Fontaine"]
[WhiteTeamCountry "BEL"]
[BlackTeamCountry "BEL"]

1. e4 c5 2. Nf3 e6 3. d4 cxd4 4. Nxd4 a6 5. Bd3 Bc5 6. Nb3 Be7 7. Qg4 g6 8. Qe2 d6 9. Na3 Nd7 10. 0-0 h5 11. Nc4 b5 12. Nca5 Ne5 13. f4 Nxd3 14. Qxd3 Qc7 15. Kh1 Nf6 16. Bd2 d5 17. exd5 Nxd5 18. Rac1 Bd7 19. c4 bxc4 20. Nxc4 Bb5 21. Nd4 Bxc4 22. Rxc4 Qb7 23. Nc6 Bf6 24. b3 0-0 25. Rfc1 Bg7 26. Qe4 Qd7 27. Ne5 Qe7 28. Be1 Qa7 29. Rc5 Qe7 30. Bf2 Qb7 31. Nc6 Rfe8 32. R5c4 Qd7 33. Ne5 Qe7 34. Bd4 Qh4 35. Rf1 Qe7 36. Qd3 Qb7 37. Qf3 Qe7 38. Rfc1 Qh4 39. Bb2 Qe7 40. h3 Qa7 41. Bd4 Qe7 42. Qe4 Kh7 43. Qf3 Kg8 44. Qe4 Kh7 45. b4 Kg8 46. a4 Qb7 47. Rc7 Qxc7 48. Rxc7 Nxc7 49. Qb7 Rec8 50. Nc6 1-0

[Event "Lille Luce op 3rd"]
[Site "Lille"]
[Date "2012.04.25"]
[Round "3"]
[White "Di Cosmo, Jonathan"]
[Black "Bergez, Luc"]
[Result "0-1"]
[WhiteElo "2062"]
[BlackElo "2428"]
[PlyCount "52"]
[EventDate "2012.04.23"]
[EventType "swiss"]
[EventRounds "8"]
[EventCountry "FRA"]
[SourceTitle "CBM 148 Extra"]
[Source "ChessBase"]
[SourceDate "2012.06.22"]
[SourceVersion "1"]
[SourceVersionDate "2012.06.22"]
[SourceQuality "1"]

1. d4 Nf6 2. c4 g6 3. Nc3 Bg7 4. e4 0-0 5. Nf3 d6 6. Be2 e5 7. 0-0 exd4 8. Nxd4 Re8 9. f3 c6 10. Kh1 Nbd7 11. Bg5 Qb6 12. Nb3 a5 13. a4 Ne5 14. Qc2 Be6 15. Nd2 Qc5 16. Qb3 Nfd7 17. Bh4 Qb4 18. Qxb4 axb4 19. Nd1 Nb6 20. Ne3 Nxa4 21. f4 Nd7 22. f5 Bxf5 23. exf5 Rxe3 24. Bd1 Nab6 25. Rxa8+ Nxa8 26. Bg5 Re8 0-1

[Event "Charleroi op"]
[Site "Charleroi"]
[Date "2011.08.07"]
[Round "9"]
[White "Di Cosmo, Jonathan"]
[Black "De Strycker, Nathan"]
[Result "1/2-1/2"]
[WhiteElo "2073"]
[BlackElo "1800"]
[PlyCount "81"]
[EventDate "2011.07.30"]
[EventType "swiss"]
[EventRounds "9"]
[EventCountry "BEL"]
[SourceTitle "EXT 2012"]
[Source "ChessBase"]
[SourceDate "2011.11.24"]
[SourceVersion "1"]
[SourceVersionDate "2011.11.24"]
[SourceQuality "1"]

1. d4 Nf6 2. c4 g6 3. Nc3 Bg7 4. e4 d6 5. Be2 0-0 6. Nf3 e5 7. 0-0 Nc6 8. d5 Ne7 9. Ne1 Nd7 10. Nd3 f5 11. Bd2 Nf6 12. f3 f4 13. c5 g5 14. cxd6 cxd6 15. Nf2 h5 16. h3 Kh7 17. Qc2 a6 18. a4 b6 19. Ra3 Bh6 20. Rc1 Rg8 21. Na2 Ra7 22. Nb4 g4 23. hxg4 hxg4 24. fxg4 Nxg4 25. Nxg4 Bxg4 26. Bxa6 Qe8 27. Bf1 Qh5 28. Rc3 Bg5 29. Be1 f3 30. Ra1 fxg2 31. Bxg2 Bf4 32. Raa3 Kg7 33. Rc7 Bh2+ 34. Kf1 Be2+ 35. Qxe2 Qxe2+ 36. Kxe2 Rxc7 37. Bf2 Rc4 38. Rb3 Ra8 39. Kd3 Rcc8 40. Ra3 Ng6 41. Bf3 1/2-1/2

[Event "CEF Winter-ch Elite"]
[Site "Fontaine l'Eveque"]
[Date "2011.01.21"]
[Round "6"]
[White "Van Houtte, Thierry"]
[Black "Di Cosmo, Jonathan"]
[Result "0-1"]
[WhiteElo "2199"]
[BlackElo "2034"]
[PlyCount "62"]
[EventDate "2010.11.19"]
[EventType "tourn"]
[EventRounds "7"]
[EventCountry "BEL"]
[SourceTitle "EXT 2019"]
[Source "ChessBase"]
[SourceDate "2018.10.10"]
[SourceVersion "1"]
[SourceVersionDate "2018.10.10"]
[SourceQuality "1"]

1. e4 c5 2. Nf3 e6 3. d3 d5 4. Nbd2 Nc6 5. g3 Nf6 6. Bg2 Be7 7. 0-0 0-0 8. e5 Nd7 9. Re1 b5 10. Nf1 a5 11. h4 Ba6 12. Bf4 b4 13. Ne3 a4 14. a3 bxa3 15. bxa3 Nd4 16. c4 Nb3 17. Ra2 dxc4 18. dxc4 Ra7 19. Nd2 Qa5 20. Nef1 Rd8 21. Be4 Nf8 22. Qg4 Bxc4 23. Rd1 Bd5 24. Bb1 Rad7 25. Ne4 Bxe4 26. Rxd7 Rxd7 27. Bxe4 c4 28. Ne3 c3 29. Nc4 Qd8 30. Nd6 Bxd6 31. exd6 f5 0-1

[Event "CEF Winter-ch Elite"]
[Site "Fontaine l'Eveque"]
[Date "2011.01.14"]
[Round "5"]
[White "Di Cosmo, Jonathan"]
[Black "Van Steenkiste, Vincent"]
[Result "1/2-1/2"]
[WhiteElo "2034"]
[BlackElo "2030"]
[PlyCount "40"]
[EventDate "2010.11.19"]
[EventType "tourn"]
[EventRounds "7"]
[EventCountry "BEL"]
[SourceTitle "EXT 2019"]
[Source "ChessBase"]
[SourceDate "2018.10.10"]
[SourceVersion "1"]
[SourceVersionDate "2018.10.10"]
[SourceQuality "1"]

1. d4 g6 2. c4 Bg7 3. Nc3 d6 4. e4 e5 5. Be3 Nc6 6. d5 Nce7 7. Bd3 f5 8. f3 Nf6 9. Nge2 0-0 10. Rc1 c5 11. a3 h6 12. b4 b6 13. Rb1 fxe4 14. Bxe4 Nf5 15. Bf2 Qe7 16. 0-0 Nxe4 17. Nxe4 Nd4 18. N2c3 Bf5 19. Rb2 Rab8 20. Qa4 Rfc8 1/2-1/2

[Event "CEF Winter-ch Elite"]
[Site "Fontaine l'Eveque"]
[Date "2010.11.26"]
[Round "2"]
[White "Folie, Nathan"]
[Black "Di Cosmo, Jonathan"]
[Result "0-1"]
[WhiteElo "1863"]
[BlackElo "2034"]
[PlyCount "78"]
[EventDate "2010.11.19"]
[EventType "tourn"]
[EventRounds "7"]
[EventCountry "BEL"]
[SourceTitle "EXT 2019"]
[Source "ChessBase"]
[SourceDate "2018.10.10"]
[SourceVersion "1"]
[SourceVersionDate "2018.10.10"]
[SourceQuality "1"]

1. d4 d5 2. Bf4 Nf6 3. e3 Bf5 4. c4 c6 5. Nc3 e6 6. a3 Nbd7 7. h3 dxc4 8. Bxc4 Nb6 9. Ba2 Nbd5 10. Nxd5 exd5 11. Nf3 Qb6 12. Bb1 Ne4 13. Nd2 Nxd2 14. Qxd2 Bxb1 15. Rxb1 Bxa3 16. 0-0 Bb4 17. Qe2 0-0 18. Qg4 Rfe8 19. Be5 Bf8 20. h4 Qb4 21. Qg3 Qe7 22. Bc7 Rac8 23. Ba5 Qd6 24. Qxd6 Bxd6 25. Bc3 h5 26. b4 Rc7 27. Rfc1 b6 28. Bd2 Rec8 29. g3 Kf8 30. Kg2 g6 31. Kf1 Ke7 32. Kg2 Ke6 33. Ra1 c5 34. dxc5 bxc5 35. bxc5 Bxc5 36. Ra6+ Bb6 37. Rxc7 Rxc7 38. Ba5 Rc6 39. Bxb6 axb6 0-1

[Event "Charleroi op"]
[Site "Charleroi"]
[Date "2010.08.07"]
[Round "9"]
[White "Barbier, Wim"]
[Black "Di Cosmo, Jonathan"]
[Result "1/2-1/2"]
[WhiteElo "2151"]
[BlackElo "2019"]
[PlyCount "80"]
[EventDate "2010.07.31"]
[EventType "swiss"]
[EventRounds "9"]
[EventCountry "BEL"]
[SourceTitle "CBM 137 Extra"]
[Source "ChessBase"]
[SourceDate "2010.09.01"]
[SourceVersion "1"]
[SourceVersionDate "2010.09.01"]
[SourceQuality "1"]

1. c4 c6 2. g3 d5 3. Bg2 Nf6 4. Nf3 Bf5 5. cxd5 cxd5 6. Qb3 Qc7 7. Nc3 e6 8. 0-0 Nc6 9. d3 Qd7 10. Bf4 Nh5 11. e4 Nxf4 12. gxf4 dxe4 13. dxe4 Bg4 14. Nb5 Bc5 15. e5 Ne7 16. Rfd1 Nd5 17. Rac1 b6 18. h3 Bh5 19. Rd2 Qe7 20. Rcd1 0-0 21. Nc3 Nxc3 22. bxc3 Rad8 23. Qa4 a5 24. Rd7 Rxd7 25. Rxd7 Qe8 26. Qc6 Qc8 27. Ng5 Qxc6 28. Bxc6 h6 29. Ne4 Rc8 30. Bb7 Rb8 31. Kg2 Bg6 32. Kf3 Bxe4+ 33. Bxe4 Kf8 34. f5 exf5 35. Bd5 Be7 36. c4 g5 37. h4 Ke8 38. Bc6 Rc8 39. Rc7+ Kd8 40. Rd7+ Ke8 1/2-1/2

[Event "Charleroi op"]
[Site "Charleroi"]
[Date "2010.08.03"]
[Round "5"]
[White "Van Mechelen, Jan"]
[Black "Di Cosmo, Jonathan"]
[Result "0-1"]
[WhiteElo "2278"]
[BlackElo "2019"]
[PlyCount "90"]
[EventDate "2010.07.31"]
[EventType "swiss"]
[EventRounds "9"]
[EventCountry "BEL"]
[SourceTitle "CBM 137 Extra"]
[Source "ChessBase"]
[SourceDate "2010.09.01"]
[SourceVersion "1"]
[SourceVersionDate "2010.09.01"]
[SourceQuality "1"]

1. d4 d5 2. c4 c6 3. Nf3 Nf6 4. e3 Bf5 5. Nc3 e6 6. Nh4 Bg6 7. Qb3 Qc7 8. Bd2 Nbd7 9. Rc1 Qb6 10. Qd1 Bh5 11. Be2 Bxe2 12. Qxe2 Be7 13. Nf3 Ne4 14. Rc2 Nxc3 15. Bxc3 Nf6 16. Nd2 0-0 17. 0-0 Rad8 18. c5 Qc7 19. b4 a6 20. Nb3 Ra8 21. f3 Rfe8 22. Be1 Nd7 23. Bg3 e5 24. e4 Bf6 25. exd5 cxd5 26. Na5 Nb8 27. Re1 Nc6 28. Nxc6 bxc6 29. dxe5 Qb7 30. Qd2 Bd8 31. f4 a5 32. a3 axb4 33. axb4 Bc7 34. Rb2 Ra4 35. Bf2 Rb8 36. Reb1 Qa6 37. Bd4 Ra1 38. f5 Rxb1+ 39. Rxb1 Qc8 40. Qg5 Qf8 41. f6 g6 42. e6 fxe6 43. f7+ Qxf7 44. g3 Qf5 45. Qxf5 gxf5 0-1

[Event "BEL FEFB-ch op"]
[Site "Fontaine l'Eveque"]
[Date "2010.05.12"]
[Round "1"]
[White "Dejasse, Daniel"]
[Black "Di Cosmo, Jonathan"]
[Result "0-1"]
[WhiteElo "1673"]
[BlackElo "2000"]
[PlyCount "90"]
[EventDate "2010.05.12"]
[EventType "swiss"]
[EventRounds "7"]
[EventCountry "BEL"]
[SourceTitle "EXT 2019"]
[Source "ChessBase"]
[SourceDate "2018.10.10"]
[SourceVersion "1"]
[SourceVersionDate "2018.10.10"]
[SourceQuality "1"]

1. e4 e6 2. d4 d5 3. Nc3 Nf6 4. e5 Nfd7 5. f4 c5 6. Nf3 Nc6 7. Be3 a6 8. Be2 Be7 9. 0-0 b5 10. a3 cxd4 11. Nxd4 Nxd4 12. Bxd4 Nb6 13. b3 0-0 14. Bd3 f5 15. exf6 Bxf6 16. Bxf6 Qxf6 17. Qh5 h6 18. Ne2 Bd7 19. g4 Be8 20. Qh3 Bg6 21. g5 hxg5 22. Bxg6 Qxg6 23. Qg4 Qf5 24. Qxf5 Rxf5 25. Nd4 Rf6 26. fxg5 Rxf1+ 27. Rxf1 Re8 28. g6 e5 29. Nc6 Re6 30. Nb4 Rxg6+ 31. Kh1 a5 32. Nd3 Nd7 33. Rf5 Rf6 34. Rxf6 gxf6 35. c3 Kg7 36. Kg2 f5 37. Kg3 Kf6 38. h4 Kg6 39. Nf2 f4+ 40. Kh3 Nf6 41. Nd3 Kf5 42. Nc5 e4 43. Nb7 e3 44. Kg2 Ne4 45. Nxa5 e2 0-1

[Event "Charleroi op 5th"]
[Site "Charleroi"]
[Date "2006.08.01"]
[Round "5"]
[White "Demanghon, Jonathan"]
[Black "Di Cosmo, Jonathan"]
[Result "1-0"]
[WhiteElo "2160"]
[BlackElo "1941"]
[PlyCount "83"]
[EventDate "2006.07.29"]
[EventType "swiss"]
[EventRounds "9"]
[EventCountry "BEL"]
[SourceTitle "CBM 113 Extra"]
[Source "ChessBase"]
[SourceDate "2006.09.14"]
[SourceVersion "1"]
[SourceVersionDate "2006.09.14"]
[SourceQuality "1"]

1. d4 d5 2. c4 c6 3. Nf3 Nf6 4. e3 e6 5. Nbd2 Nbd7 6. b3 Bd6 7. Bb2 0-0 8. Bd3 Re8 9. Ne5 Nf8 10. 0-0 N6d7 11. e4 f6 12. Nxd7 Bxd7 13. e5 fxe5 14. dxe5 Bc5 15. Nf3 Rc8 16. Qd2 Re7 17. b4 Bb6 18. c5 Bc7 19. a4 Be8 20. Rfe1 Bg6 21. b5 Bxd3 22. Qxd3 Rf7 23. Nd4 Qd7 24. g3 Ng6 25. f4 Ne7 26. Bc3 Nf5 27. Nf3 Bd8 28. Bb4 Be7 29. Rac1 Rff8 30. Re2 b6 31. Rec2 cxb5 32. c6 Qc7 33. Bxe7 Qxe7 34. axb5 h5 35. Ra2 Rc7 36. Ng5 Rfc8 37. h3 g6 38. g4 hxg4 39. hxg4 Qb4 40. Nxe6 Re7 41. gxf5 gxf5 42. Rg2+ 1-0

[Event "Charleroi op 4th"]
[Site "Charleroi"]
[Date "2005.08.02"]
[Round "5"]
[White "Di Cosmo, Jonathan"]
[Black "Russo, Julien"]
[Result "1/2-1/2"]
[WhiteElo "1945"]
[BlackElo "2084"]
[PlyCount "74"]
[EventDate "2005.07.30"]
[EventType "swiss"]
[EventRounds "9"]
[EventCountry "BEL"]
[SourceTitle "EXT 2006"]
[Source "ChessBase"]
[SourceDate "2005.11.24"]
[SourceVersion "1"]
[SourceVersionDate "2005.11.24"]
[SourceQuality "1"]

1. d4 d5 2. c4 c6 3. Nf3 Nf6 4. Nc3 e6 5. e3 Nbd7 6. Bd3 dxc4 7. Bxc4 b5 8. Bd3 Bb7 9. 0-0 a6 10. e4 c5 11. Qe2 Be7 12. Rd1 Qc7 13. e5 Nd5 14. Nxd5 Bxd5 15. Be4 Nb6 16. Bg5 Bxg5 17. Nxg5 c4 18. Bxd5 Nxd5 19. Qd2 0-0 20. Ne4 f6 21. exf6 Nxf6 22. Nxf6+ Rxf6 23. d5 Rd8 24. d6 Qd7 25. Qa5 e5 26. Qxa6 Rxd6 27. Rxd6 Qxd6 28. Qxd6 Rxd6 29. Kf1 Rd2 30. b3 c3 31. Ke1 Rb2 32. a4 c2 33. Rc1 Rxb3 34. axb5 Rxb5 35. Rxc2 Rb1+ 36. Ke2 Kf7 37. Ke3 Rb4 1/2-1/2

[Event "Charleroi op 2nd"]
[Site "Charleroi"]
[Date "2003.08.25"]
[Round "4.11"]
[White "Lacroix, Bruno"]
[Black "Di Cosmo, Jonathan"]
[Result "1-0"]
[WhiteElo "2200"]
[BlackElo "1937"]
[PlyCount "29"]
[EventDate "2003.08.23"]
[EventType "swiss"]
[EventRounds "9"]
[EventCountry "BEL"]
[SourceTitle "EXT 2004"]
[Source "ChessBase"]
[SourceDate "2003.11.25"]
[SourceVersion "1"]
[SourceVersionDate "2003.11.25"]
[SourceQuality "1"]

1. d4 d5 2. Nc3 Nf6 3. Bg5 Bf5 4. e3 e6 5. Bd3 Be7 6. Bxf5 exf5 7. Bxf6 Bxf6 8. Qf3 c6 9. Qxf5 0-0 10. Nf3 Qb6 11. Rb1 Qa6 12. h4 h6 13. g4 Be7 14. g5 h5 15. g6 1-0